[Event "Lovsprings op 07th E"]
[Site "Ringsted"]
[Date "1995.05.05"]
[Round "6"]
[White "Nielsen, Poul"]
[Black "Olesen, Michael"]
[Result "0-1"]
[WhiteElo "1164"]
[BlackElo "1038"]
[PlyCount "153"]
[EventDate "1995.03.10"]
[EventType "swiss"]
[EventRounds "7"]
[EventCountry "DEN"]
[SourceTitle "EXT 2023"]
[Source "ChessBase"]
[SourceDate "2022.10.05"]
[SourceVersion "1"]
[SourceVersionDate "2022.10.05"]
[SourceQuality "1"]

1. d4 d5 2. e3 Nc6 3. c4 Nf6 4. Nc3 e6 5. a3 b6 6. Bd3 Bb7 7. Nf3 Bd6 8. Qc2 Ne7 9. c5 bxc5 10. Nb5 c4 11. Nxd6+ Qxd6 12. Be2 Qb6 13. Ne5 0-0 14. f3 Qd6 15. g4 Nc6 16. f4 Ne4 17. Bf3 Na5 18. Bxe4 dxe4 19. Nxc4 Qc6 20. b3 Ba6 21. Kd1 Qb5 22. Nxa5 Qxa5 23. Qxe4 Qb5 24. Qc2 Qb7 25. Re1 Rac8 26. b4 Qf3+ 27. Re2 Bxe2+ 28. Qxe2 Qxe2+ 29. Kxe2 Rcd8 30. Bb2 Rd6 31. Rc1 Rc8 32. b5 Rb6 33. Rc5 a6 34. Rc6 Rxb5 35. Bc3 Rb3 36. a4 f6 37. Kf3 Kf7 38. Ba5 Ra3 39. Rxa6 c6 40. Bb4 Ra2 41. h4 Rb8 42. Bc5 Rc8 43. Ra7+ Kg8 44. a5 Rb8 45. Ra6 Rbb2 46. Ra8+ Kf7 47. Rf8+ Kg6 48. h5+ Kh6 49. Ke4 Rxa5 50. Re8 Rg2 51. Kf3 Raa2 52. g5+ fxg5 53. Rxe6+ Kxh5 54. Rxc6 g4+ 55. Ke4 g3 56. Be7 Rh2 57. Rc5+ Kg6 58. Rg5+ Kf7 59. Rxg3 Kxe7 60. Rxg7+ Kf8 61. Rb7 Ra3 62. Rb8+ Kg7 63. Rb7+ Kf8 64. Rb8+ Kg7 65. Rb7+ Kg6 66. f5+ Kh6 67. f6 Rh4+ 68. Kf3 Ra8 69. Kg3 Rh5 70. Kg4 Rg5+ 71. Kf4 Rf8 72. Rb6 Kg6 73. e4 h5 74. e5 Rf5+ 75. Ke4 h4 76. Rd6 Rf1 77. Kd3 0-1